| 000 | 00556nam a2200241Ia 4500 | ||
|---|---|---|---|
| 003 | IT-RoPAU | ||
| 008 | 120407s9999 xx 000 0 und d | ||
| 040 | _aIT-RoPAU | ||
| 040 | _cIT-RoPAU | ||
| 041 | _aita | ||
| 100 | _aMartin Hengel | ||
| 245 | _aEbrei, Greci e Barbari. Aspetti dell’ellenizzazione del giudaismo in epoca precristiana | ||
| 250 | _aBrescia | ||
| 260 | _aPaideia | ||
| 260 | _c1981 | ||
| 300 | _a210 p. | ||
| 300 | _bill. | ||
| 300 | _c21 cm | ||
| 490 | _aStudi biblici | ||
| 490 | _v56 | ||
| 942 | _cBK | ||
| 999 |
_c28765 _d28765 |
||